000 00533nam a22001811a 4500
001 10697
003 OSt
005 20260204212209.0
008 100202s2004||||ck ||||||b||||||||||spa||
020 _a9586483835
050 _a633.88 M523c
100 _aMéndez, Rosendo
245 _aCulturas orgánicas: su control biológico en plantas medicinales aromático / Rosendo Méndez
264 _aColombia : Ecoe Ediciones
300 _a153 p
650 _aPlantas Medicinales 2.Cultivos Orgánicos 3.AgriculturaÌ
942 _2ddc
_cBK
999 _c10697
_d10697